La France du temps des Républiques (notice n° 2186796)

détails MARC
000 -LEADER
fixed length control field 00859cam a2200133 4500500
005 - DATE AND TIME OF LATEST TRANSACTION
control field 20260405064257.0
041 ## - LANGUAGE CODE
Language code of text/sound track or separate title fre
042 ## - AUTHENTICATION CODE
Authentication code dc
100 10 - MAIN ENTRY--PERSONAL NAME
Personal name Fuligni, Bruno
Relator term author
245 00 - TITLE STATEMENT
Title La France du temps des Républiques
260 ## - PUBLICATION, DISTRIBUTION, ETC.
Name of publisher, distributor, etc. Armand Colin,<br/>
Date of publication, distribution, etc. 2020.<br/>
520 ## - SUMMARY, ETC.
Summary, etc. L’auteur nous raconte sa «petite histoire» mettant en scène la France du temps des Républiques de 1848 à l’avènement de la Ve (1958) à la manière du petit manuel publié au 19e siècle chez Armand Colin par Ernest Lavisse.Comme un conteur, Bruno Fuligni nous plonge au cœur de la naissance de la République en 1848 avec Louis-Napoléon Bonaparte jusqu’à la Ve inaugurée par René Coty auquel succédera Charles de Gaulle dès 1959
856 41 - ELECTRONIC LOCATION AND ACCESS
Uniform Resource Identifier <a href="https://shs.cairn.info/la-france-du-temps-des-republiques--9782200627195?lang=fr&redirect-ssocas=7080">https://shs.cairn.info/la-france-du-temps-des-republiques--9782200627195?lang=fr&redirect-ssocas=7080</a>

Pas d'exemplaire disponible.

PLUDOC

PLUDOC est la plateforme unique et centralisée de gestion des bibliothèques physiques et numériques de Guinée administré par le CEDUST. Elle est la plus grande base de données de ressources documentaires pour les Étudiants, Enseignants chercheurs et Chercheurs de Guinée.

Adresse

627 919 101/664 919 101

25 boulevard du commerce
Kaloum, Conakry, Guinée

Réseaux sociaux

Powered by Netsen Group @ 2025